| 000 | 00601nam a2200181 i 4500 | ||
|---|---|---|---|
| 001 | 34890 | ||
| 003 | ES-MaACL | ||
| 005 | 20230906155021.0 | ||
| 007 | t| | ||
| 008 | 030211s1952 sp ||||1| spa d | ||
| 100 | 1 |
_aBonnín, J. G. _930283 |
|
| 245 | 1 | 0 |
_aManual de traumatología (con especial consideración de las fracturas de cráneo) / _cJ. G. Bonnín ; versión española de Luis Luna Pérez. |
| 250 | _a1ª ed. | ||
| 260 |
_aMadrid : _bEdiciones Morata, _c1952 ( _fDiana) |
||
| 300 |
_a798 p. : _bil. ; _c21 cm. |
||
| 700 | 1 |
_aLuna Pérez, Luis. _974775 |
|
| 852 |
_aES-MaACL _jD-8108 _bR.32333 |
||
| 999 |
_c34890 _d34890 |
||